| 000 | 00383 a2200133 4500 | ||
|---|---|---|---|
| 003 | Nust | ||
| 005 | 20170207154340.0 | ||
| 040 | _cNust | ||
| 082 | _a799 | ||
| 245 |
_aMeet Allied Officers (Photo Album Vol No.2, 2000) _cMCS |
||
| 260 |
_aRawalpindi _bMCS _c08-11-2000 |
||
| 650 | _aPictures Meet Allied officers in MCS (Photo Album Vol No.2, 2000) (Soft Copy) CD-05 | ||
| 651 | _asweet Memories-MCS | ||
| 942 | _cBK | ||
| 999 |
_c196926 _d196926 |
||